LEADER 01145nam0-2200313---450- 001 990009401500403321 005 20110720144727.0 035 $a000940150 035 $aFED01000940150 035 $a(Aleph)000940150FED01 035 $a000940150 100 $a20110720d1982----km-y0itay50------ba 101 0 $aita 102 $aIT 105 $af-------001yy 200 1 $aArchitettura e cultura religiosa a Sala tra 4. e 19. secolo$ecatalogo della Mostra sui beni culturali$eSala Consilina, luglio-settembre 1982$fa cura di Enrico Spinelli 210 $aSala Consilina$cBiblioteca comunale$d1982 215 $a39 p., 39 c. di tav.$d22 cm 225 1 $a<>beni culturali$iArchitettura$v2 300 $aIn testa al frontespizio: Comune di Sala Consilina, Assessorato ai beni culturali, Biblioteca comunale 610 0 $aArchitettura sacra$aSala Consilina$aSec. 4.-19. 702 1$aSpinelli,$bEnrico 801 0$aIT$bUNINA$gRICA$2UNIMARC 901 $aBK 912 $a990009401500403321 952 $a50.305$bs.i.$fDARST 959 $aDARST 996 $aArchitettura e cultura religiosa a Sala tra 4. e 19. secolo$9764976 997 $aUNINA LEADER 01178nam a2200289 i 4500 001 991002655399707536 005 20020508203841.0 008 010911s1969 it ||| | ita 035 $ab11041535-39ule_inst 035 $aPARLA166674$9ExL 040 $aDip.to Scienze Storiche Fil. e Geogr.$bita 082 0 $a284 100 1 $aLuther, Martin <1483?-1546>$0127546 245 10$aDiscorsi a tavola /$cMartin Lutero ; introduzione, traduzione e note di Leandro Perini ; con un saggio su Martin Lutero di Delio Cantimori 260 $aTorino :$bEinaudi,$c1969 300 $aCXXII, 353 p. ;$c19 cm. 490 0 $aNuova universale Einaudi ;$v105 650 4$aLutero, Martino - Discorsi 700 1 $aCantimori, Delio 700 1 $aPerini, Leandro 907 $a.b11041535$b23-02-17$c28-06-02 912 $a991002655399707536 945 $aLE009 STOR.52-134bis$g1$i2009000071919$lle009$o-$pE0.00$q-$rl$s- $t0$u0$v0$w0$x0$y.i11164438$z28-06-02 945 $aLE009 STOR.52-134$g1$i2009000071926$lle009$o-$pE0.00$q-$rl$s- $t0$u2$v2$w2$x0$y.i1116444x$z28-06-02 996 $aDiscorsi a tavola$975175 997 $aUNISALENTO 998 $ale009$b01-01-01$cm$da $e-$fita$git $h0$i2